Mayo Clinic heart book : (Record no. 266)

MARC details
000 -LEADER
fixed length control field 00920cam a22002894a 4500
005 - DATE AND TIME OF LATEST TRANSACTION
control field 20260322212013.0
008 - FIXED-LENGTH DATA ELEMENTS--GENERAL INFORMATION
fixed length control field data
010 ## - LIBRARY OF CONGRESS CONTROL NUMBER
LC control number 99053785
020 ## - INTERNATIONAL STANDARD BOOK NUMBER
International Standard Book Number 0688176429
020 ## - INTERNATIONAL STANDARD BOOK NUMBER
International Standard Book Number 9780688176426
040 ## - CATALOGING SOURCE
Original cataloging agency DLC
Transcribing agency DLC
Modifying agency DLC
042 ## - AUTHENTICATION CODE
Authentication code pcc
050 00 - LIBRARY OF CONGRESS CALL NUMBER
Classification number RC672
Item number .M4 2000
082 00 - DEWEY DECIMAL CLASSIFICATION NUMBER
Classification number 616.1/2
Edition information 21
092 ## - LOCALLY ASSIGNED DEWEY CALL NUMBER (OCLC)
Classification number 616.1 M4 2000
001 - CONTROL NUMBER
control field data
245 00 - TITLE STATEMENT
Title Mayo Clinic heart book :
Remainder of title the ultimate guide to heart health /
Statement of responsibility, etc. edited by Bernard J. Gersh.
250 ## - EDITION STATEMENT
Edition statement 2nd ed.
260 ## - PUBLICATION, DISTRIBUTION, ETC.
Place of publication, distribution, etc. New York :
Name of publisher, distributor, etc. W. Morrow,
Date of publication, distribution, etc. c2000.
300 ## - PHYSICAL DESCRIPTION
Extent viii, 406 p. :
Other physical details ill. (some col.) ;
Dimensions 26 cm.
500 ## - GENERAL NOTE
General note "Completely revised and updated"--Cover.
504 ## - BIBLIOGRAPHY, ETC. NOTE
Bibliography, etc. note Includes bibliographical references and index.
650 #0 - SUBJECT ADDED ENTRY--TOPICAL TERM
Topical term or geographic name entry element Heart
General subdivision Diseases
Form subdivision Popular works.
650 #0 - SUBJECT ADDED ENTRY--TOPICAL TERM
Topical term or geographic name entry element Cardiology
Form subdivision Popular works.
700 1# - ADDED ENTRY--PERSONAL NAME
Personal name Gersh, Bernard J.
856 42 - ELECTRONIC LOCATION AND ACCESS
Materials specified Publisher description
Uniform Resource Identifier <a href="http://www.loc.gov/catdir/description/hc042/99053785.html">http://www.loc.gov/catdir/description/hc042/99053785.html</a>
Holdings
Withdrawn status Lost status Damaged status Not for loan Home library Current library Shelving location Date acquired Total checkouts Full call number Barcode Date last seen Price effective from Koha item type
        Riverside Riverside General stacks 22/03/2026   616.1/2 21 BC0010275 22/03/2026 22/03/2026 Books